| 000 | 00432nam a2200169Ia 4500 | ||
|---|---|---|---|
| 008 | 221030s9999 xx 000 0 und d | ||
| 020 | _a1259025640 | ||
| 041 | _aEnglish | ||
| 100 | _aJ. M. Anderson | ||
| 245 | 0 |
_aSurveying : Theory & Practice _cby J. M. Anderson, E. M. Mikhail |
|
| 250 | _a7th | ||
| 260 |
_bMcGraw - Hill Pub. _aChennai _c2016 |
||
| 300 | _a1167 | ||
| 650 | _aCivil | ||
| 700 | _aE. M. Mikhail | ||
| 942 | _cBK | ||
| 999 |
_c17948 _d17948 |
||